<?xml version="1.0" encoding="UTF-8"?>
<record
    xmlns:xsi="http://www.w3.org/2001/XMLSchema-instance"
    xsi:schemaLocation="http://www.loc.gov/MARC21/slim http://www.loc.gov/standards/marcxml/schema/MARC21slim.xsd"
    xmlns="http://www.loc.gov/MARC21/slim">

  <leader>02940nam a22004217a 4500</leader>
  <controlfield tag="005">20220804115505.0</controlfield>
  <controlfield tag="008">180607b1999    sp ||||| |||| 00| 0 spa d</controlfield>
  <datafield tag="020" ind1=" " ind2=" ">
    <subfield code="a">847676636 V.29</subfield>
  </datafield>
  <datafield tag="020" ind1=" " ind2=" ">
    <subfield code="a">8476766068 V.32</subfield>
  </datafield>
  <datafield tag="020" ind1=" " ind2=" ">
    <subfield code="a">8476768850 V.35</subfield>
  </datafield>
  <datafield tag="020" ind1=" " ind2=" ">
    <subfield code="a">8476768338 V.44</subfield>
  </datafield>
  <datafield tag="020" ind1=" " ind2=" ">
    <subfield code="a">8476769016 V.45</subfield>
  </datafield>
  <datafield tag="020" ind1=" " ind2=" ">
    <subfield code="a">8476766211 V.46</subfield>
  </datafield>
  <datafield tag="020" ind1=" " ind2=" ">
    <subfield code="a">8476768478 V.48</subfield>
  </datafield>
  <datafield tag="020" ind1=" " ind2=" ">
    <subfield code="a">8476765797 V.51</subfield>
  </datafield>
  <datafield tag="020" ind1=" " ind2=" ">
    <subfield code="a">8476765789 V.54</subfield>
  </datafield>
  <datafield tag="020" ind1=" " ind2=" ">
    <subfield code="a">8476766076 V.61</subfield>
  </datafield>
  <datafield tag="020" ind1=" " ind2=" ">
    <subfield code="a">847676880 V.70</subfield>
  </datafield>
  <datafield tag="020" ind1=" " ind2=" ">
    <subfield code="a">8476766084V.78</subfield>
  </datafield>
  <datafield tag="020" ind1=" " ind2=" ">
    <subfield code="a">8476767277 V.82</subfield>
  </datafield>
  <datafield tag="020" ind1=" " ind2=" ">
    <subfield code="a">8476767307 V.85</subfield>
  </datafield>
  <datafield tag="020" ind1=" " ind2=" ">
    <subfield code="a">8476768958V.98</subfield>
  </datafield>
  <datafield tag="020" ind1=" " ind2=" ">
    <subfield code="a">8476768176 V.105</subfield>
  </datafield>
  <datafield tag="020" ind1=" " ind2=" ">
    <subfield code="a">8476766203 V.123</subfield>
  </datafield>
  <datafield tag="020" ind1=" " ind2=" ">
    <subfield code="a">8476766572 V.124</subfield>
  </datafield>
  <datafield tag="050" ind1="0" ind2="4">
    <subfield code="a">KKT3686</subfield>
    <subfield code="b">A23 1999</subfield>
  </datafield>
  <datafield tag="245" ind1="0" ind2="0">
    <subfield code="a">Acciones civiles </subfield>
  </datafield>
  <datafield tag="250" ind1=" " ind2=" ">
    <subfield code="a">1a ed.</subfield>
  </datafield>
  <datafield tag="260" ind1=" " ind2=" ">
    <subfield code="a">Barcelona, Espa&#xF1;a :</subfield>
    <subfield code="b">Bosch, </subfield>
    <subfield code="c">c1999</subfield>
  </datafield>
  <datafield tag="300" ind1=" " ind2=" ">
    <subfield code="a">v. ;</subfield>
    <subfield code="c">21 cm.</subfield>
    <subfield code="e">+ 1 disquete 3.5</subfield>
  </datafield>
  <datafield tag="490" ind1="0" ind2=" ">
    <subfield code="a">Biblioteca B&#xE1;sica de Pr&#xE1;ctica Procesal</subfield>
  </datafield>
  <datafield tag="505" ind1="1" ind2=" ">
    <subfield code="t">V.29. El cobro o pago de lo indebido </subfield>
    <subfield code="r">/ Rosa M. M&#xE9;ndez, A. Esther Vilalta --</subfield>
    <subfield code="t">V.32. Acci&#xF3;n de nulidad de contrato</subfield>
    <subfield code="r"> / Rosa M. M&#xE9;ndez, A. Esther Vilalta --</subfield>
    <subfield code="t">V.35. Acciones sobre dep&#xF3;sito</subfield>
    <subfield code="r">/ Rosa M. M&#xE9;ndez, A. Esther Vilalta --</subfield>
    <subfield code="t">V.44. Responsabilidad por da&#xF1;os causados por animales</subfield>
    <subfield code="r">/ Rosa M. M&#xE9;ndez, A. Esther Vilalta --</subfield>
    <subfield code="t">V.45. Responsabilidad  m&#xE9;dica</subfield>
    <subfield code="r">/ Rosa M. M&#xE9;ndez, A. Esther Vilalta --</subfield>
    <subfield code="t">V.46. La responsabilidad extracontractual del fabricante</subfield>
    <subfield code="r">Rosa M. M&#xE9;ndez, A. Esther Vilalta --</subfield>
    <subfield code="t">V.48. Acci&#xF3;n declarativa de simulaci&#xF3;n de un contrato</subfield>
    <subfield code="r">/ Rosa M. M&#xE9;ndez, A. Esther Vilalta --</subfield>
    <subfield code="t">V.51. Saneamiento por evicci&#xF3;n y por grav&#xE1;menes ocultos en el contrato de compraventa </subfield>
    <subfield code="r">/ Rosa M. M&#xE9;ndez, A. Esther Vilalta ; colaboraci&#xF3;n de Ma. Teresa Besc&#xF3;s Casademunt --</subfield>
    <subfield code="t">V.54. La publicidad il&#xED;cita : enga&#xF1;osa, desleal, subliminal y otras</subfield>
    <subfield code="r">/ Rosa M. M&#xE9;ndez, A. Esther Vilalta --</subfield>
    <subfield code="t">V.61. Procedimiento de suspensi&#xF3;n de pagos</subfield>
    <subfield code="r">/ Rosa M. M&#xE9;ndez, A. Esther Vilalta --</subfield>
    <subfield code="t">V.70. Acciones de responsabilidad de los administradores en S.A. y S.L.</subfield>
    <subfield code="r">/ Rosa M. M&#xE9;ndez, A. Esther Vilalta --</subfield>
    <subfield code="t">V.78. Acci&#xF3;n de protecci&#xF3;n civil del derecho al honor</subfield>
    <subfield code="r">/ Rosa M. M&#xE9;ndez, A. Esther Vilalta --</subfield>
    <subfield code="t">V.82. Divorcio de mutuo acuerdo</subfield>
    <subfield code="r">/ Rosa M. M&#xE9;ndez, A. Esther Vilalta --</subfield>
    <subfield code="t">V.85. Separaci&#xF3;n contenciosa</subfield>
    <subfield code="r">/ Rosa M. M&#xE9;ndez, A. Esther Vilalta --</subfield>
    <subfield code="t">V.98. Acci&#xF3;n declarativa de la indignidad para suceder</subfield>
    <subfield code="r">/ Rosa M. M&#xE9;ndez, A. Esther Vilalta --</subfield>
    <subfield code="r">V.105. Propiedad horizontal: &#xF3;rganos de gobierno, adopci&#xF3;n de acuerdos y actas de la comunidad</subfield>
    <subfield code="r">/ Rosa M. M&#xE9;ndez, A. Esther Vilalta --</subfield>
    <subfield code="t">V.123. El juicio verbal del autom&#xF3;vil</subfield>
    <subfield code="r">Rosa M. M&#xE9;ndez, A. Esther Vilalta--</subfield>
    <subfield code="t">V.124. El juicio ejecutivo del autom&#xF3;vil</subfield>
    <subfield code="r">Rosa M. M&#xE9;ndez, A. Esther Vilalta.</subfield>
  </datafield>
  <datafield tag="650" ind1=" " ind2="7">
    <subfield code="2">lemb</subfield>
    <subfield code="a">Acciones civiles - Formularios</subfield>
    <subfield code="z">Espa&#xF1;a</subfield>
  </datafield>
  <datafield tag="700" ind1=" " ind2=" ">
    <subfield code="a">M&#xE9;ndez, Rosa M.,</subfield>
    <subfield code="e">autor</subfield>
  </datafield>
  <datafield tag="700" ind1=" " ind2=" ">
    <subfield code="a">Vilalta, A. Esther, </subfield>
    <subfield code="e">autor</subfield>
  </datafield>
  <datafield tag="700" ind1=" " ind2=" ">
    <subfield code="a">Besc&#xF3;s Casademunt, M. Teresa,</subfield>
    <subfield code="e">colaboraci&#xF3;n</subfield>
  </datafield>
  <datafield tag="942" ind1=" " ind2=" ">
    <subfield code="2">lcc</subfield>
    <subfield code="c">LIB</subfield>
  </datafield>
  <datafield tag="999" ind1=" " ind2=" ">
    <subfield code="c">141431</subfield>
    <subfield code="d">141429</subfield>
  </datafield>
  <datafield tag="952" ind1=" " ind2=" ">
    <subfield code="1">0</subfield>
    <subfield code="2">lcc</subfield>
    <subfield code="4">0</subfield>
    <subfield code="7">0</subfield>
    <subfield code="a">LIC-002</subfield>
    <subfield code="b">LIC-002</subfield>
    <subfield code="c">CONSULTA</subfield>
    <subfield code="d">2018-06-07</subfield>
    <subfield code="e">DGB-GENERADO</subfield>
    <subfield code="f">1a ed.</subfield>
    <subfield code="i">D</subfield>
    <subfield code="k">CSA</subfield>
    <subfield code="o">KKT3686 A23 1999 </subfield>
    <subfield code="p">BFD000010304</subfield>
    <subfield code="r">2018-06-07 00:00:00</subfield>
    <subfield code="t">V.29 C:1</subfield>
    <subfield code="v">1.00</subfield>
    <subfield code="y">LIB</subfield>
  </datafield>
  <datafield tag="952" ind1=" " ind2=" ">
    <subfield code="1">0</subfield>
    <subfield code="2">lcc</subfield>
    <subfield code="4">0</subfield>
    <subfield code="7">0</subfield>
    <subfield code="a">LIC-002</subfield>
    <subfield code="b">LIC-002</subfield>
    <subfield code="c">CONSULTA</subfield>
    <subfield code="d">2018-06-07</subfield>
    <subfield code="e">DGB-GENERADO</subfield>
    <subfield code="f">2a ed.</subfield>
    <subfield code="i">D</subfield>
    <subfield code="k">CSA</subfield>
    <subfield code="o">KKT3686 A23 1999 </subfield>
    <subfield code="p">BFD000010305</subfield>
    <subfield code="r">2018-06-07 00:00:00</subfield>
    <subfield code="t">V.32 C:1</subfield>
    <subfield code="v">1.00</subfield>
    <subfield code="y">LIB</subfield>
  </datafield>
  <datafield tag="952" ind1=" " ind2=" ">
    <subfield code="1">0</subfield>
    <subfield code="2">lcc</subfield>
    <subfield code="4">0</subfield>
    <subfield code="7">0</subfield>
    <subfield code="a">LIC-002</subfield>
    <subfield code="b">LIC-002</subfield>
    <subfield code="c">CONSULTA</subfield>
    <subfield code="d">2018-06-07</subfield>
    <subfield code="e">DGB-GENERADO</subfield>
    <subfield code="f">2a ed.</subfield>
    <subfield code="i">D</subfield>
    <subfield code="k">CSA</subfield>
    <subfield code="o">KKT3686 A23 2001 </subfield>
    <subfield code="p">BFD000010306</subfield>
    <subfield code="r">2018-06-07 00:00:00</subfield>
    <subfield code="t">V.35 C:1</subfield>
    <subfield code="v">1.00</subfield>
    <subfield code="y">LIB</subfield>
  </datafield>
  <datafield tag="952" ind1=" " ind2=" ">
    <subfield code="1">0</subfield>
    <subfield code="2">lcc</subfield>
    <subfield code="4">0</subfield>
    <subfield code="7">0</subfield>
    <subfield code="a">LIC-002</subfield>
    <subfield code="b">LIC-002</subfield>
    <subfield code="c">CONSULTA</subfield>
    <subfield code="d">2018-06-07</subfield>
    <subfield code="e">DGB-GENERADO</subfield>
    <subfield code="f">2a ed.</subfield>
    <subfield code="i">D</subfield>
    <subfield code="k">CSA</subfield>
    <subfield code="o">KKT3686 A23 2001  </subfield>
    <subfield code="p">BFD000010307</subfield>
    <subfield code="r">2018-06-07 00:00:00</subfield>
    <subfield code="t">V.44 C:1</subfield>
    <subfield code="v">1.00</subfield>
    <subfield code="y">LIB</subfield>
  </datafield>
  <datafield tag="952" ind1=" " ind2=" ">
    <subfield code="1">0</subfield>
    <subfield code="2">lcc</subfield>
    <subfield code="4">0</subfield>
    <subfield code="7">0</subfield>
    <subfield code="a">LIC-002</subfield>
    <subfield code="b">LIC-002</subfield>
    <subfield code="c">CONSULTA</subfield>
    <subfield code="d">2018-06-08</subfield>
    <subfield code="e">DGB-GENERADO</subfield>
    <subfield code="f">2a ed.</subfield>
    <subfield code="i">D</subfield>
    <subfield code="k">CSA</subfield>
    <subfield code="o">KKT3686 A23 2001  </subfield>
    <subfield code="p">BFD000010308</subfield>
    <subfield code="r">2018-06-08 00:00:00</subfield>
    <subfield code="t">V.45 C:1</subfield>
    <subfield code="v">1.00</subfield>
    <subfield code="y">LIB</subfield>
  </datafield>
  <datafield tag="952" ind1=" " ind2=" ">
    <subfield code="1">0</subfield>
    <subfield code="2">lcc</subfield>
    <subfield code="4">0</subfield>
    <subfield code="7">0</subfield>
    <subfield code="a">LIC-002</subfield>
    <subfield code="b">LIC-002</subfield>
    <subfield code="c">CONSULTA</subfield>
    <subfield code="d">2018-06-08</subfield>
    <subfield code="e">DGB-GENERADO</subfield>
    <subfield code="f">1a ed.</subfield>
    <subfield code="i">D</subfield>
    <subfield code="k">CSA</subfield>
    <subfield code="o">KKT3686 A23 1999  </subfield>
    <subfield code="p">BFD000010309</subfield>
    <subfield code="r">2018-06-08 00:00:00</subfield>
    <subfield code="t">V.46 C:1</subfield>
    <subfield code="v">1.00</subfield>
    <subfield code="y">LIB</subfield>
  </datafield>
  <datafield tag="952" ind1=" " ind2=" ">
    <subfield code="1">0</subfield>
    <subfield code="2">lcc</subfield>
    <subfield code="4">0</subfield>
    <subfield code="7">0</subfield>
    <subfield code="a">LIC-002</subfield>
    <subfield code="b">LIC-002</subfield>
    <subfield code="c">CONSULTA</subfield>
    <subfield code="d">2018-06-08</subfield>
    <subfield code="e">DGB-GENERADO</subfield>
    <subfield code="f">3a ed.</subfield>
    <subfield code="i">D</subfield>
    <subfield code="k">CSA</subfield>
    <subfield code="o">KGF3686 A23 2001 </subfield>
    <subfield code="p">BFD000010310</subfield>
    <subfield code="r">2018-06-08 00:00:00</subfield>
    <subfield code="t">V.48 C:1</subfield>
    <subfield code="v">1.00</subfield>
    <subfield code="y">LIB</subfield>
  </datafield>
  <datafield tag="952" ind1=" " ind2=" ">
    <subfield code="1">0</subfield>
    <subfield code="2">lcc</subfield>
    <subfield code="4">0</subfield>
    <subfield code="7">0</subfield>
    <subfield code="a">LIC-002</subfield>
    <subfield code="b">LIC-002</subfield>
    <subfield code="c">CONSULTA</subfield>
    <subfield code="d">2018-06-08</subfield>
    <subfield code="e">DGB-GENERADO</subfield>
    <subfield code="f">1a ed.</subfield>
    <subfield code="i">D</subfield>
    <subfield code="k">CSA</subfield>
    <subfield code="o">KKT3686 A23 1999 </subfield>
    <subfield code="p">BFD000010311</subfield>
    <subfield code="r">2018-06-08 00:00:00</subfield>
    <subfield code="t">V.51 C:1</subfield>
    <subfield code="v">1.00</subfield>
    <subfield code="y">LIB</subfield>
  </datafield>
  <datafield tag="952" ind1=" " ind2=" ">
    <subfield code="1">0</subfield>
    <subfield code="2">lcc</subfield>
    <subfield code="4">0</subfield>
    <subfield code="7">0</subfield>
    <subfield code="a">LIC-002</subfield>
    <subfield code="b">LIC-002</subfield>
    <subfield code="c">CONSULTA</subfield>
    <subfield code="d">2018-06-08</subfield>
    <subfield code="e">DGB-GENERADO</subfield>
    <subfield code="f">2a ed.</subfield>
    <subfield code="i">D</subfield>
    <subfield code="k">CSA</subfield>
    <subfield code="o">KKT3686 A23 1999 </subfield>
    <subfield code="p">BFD000010312</subfield>
    <subfield code="r">2018-06-08 00:00:00</subfield>
    <subfield code="t">V.61 C:1</subfield>
    <subfield code="v">1.00</subfield>
    <subfield code="y">LIB</subfield>
  </datafield>
  <datafield tag="952" ind1=" " ind2=" ">
    <subfield code="1">0</subfield>
    <subfield code="2">lcc</subfield>
    <subfield code="4">0</subfield>
    <subfield code="7">0</subfield>
    <subfield code="a">LIC-002</subfield>
    <subfield code="b">LIC-002</subfield>
    <subfield code="c">CONSULTA</subfield>
    <subfield code="d">2018-06-08</subfield>
    <subfield code="e">DGB-GENERADO</subfield>
    <subfield code="f">2a ed.</subfield>
    <subfield code="i">D</subfield>
    <subfield code="k">CSA</subfield>
    <subfield code="o">KKT3686 A23 2001  </subfield>
    <subfield code="p">BFD000010314</subfield>
    <subfield code="r">2018-06-08 00:00:00</subfield>
    <subfield code="t">V.70 C:1</subfield>
    <subfield code="v">1.00</subfield>
    <subfield code="y">LIB</subfield>
  </datafield>
  <datafield tag="952" ind1=" " ind2=" ">
    <subfield code="1">0</subfield>
    <subfield code="2">lcc</subfield>
    <subfield code="4">0</subfield>
    <subfield code="7">0</subfield>
    <subfield code="a">LIC-002</subfield>
    <subfield code="b">LIC-002</subfield>
    <subfield code="c">CONSULTA</subfield>
    <subfield code="d">2018-06-08</subfield>
    <subfield code="e">DGB-GENERADO</subfield>
    <subfield code="f">2a ed.</subfield>
    <subfield code="h">V.78</subfield>
    <subfield code="k">CSA</subfield>
    <subfield code="o">KKT3686 A23 1999 </subfield>
    <subfield code="p">BFD000010313</subfield>
    <subfield code="r">2018-06-08 00:00:00</subfield>
    <subfield code="t">1</subfield>
    <subfield code="v">1.00</subfield>
    <subfield code="y">LIB</subfield>
  </datafield>
  <datafield tag="952" ind1=" " ind2=" ">
    <subfield code="1">0</subfield>
    <subfield code="2">lcc</subfield>
    <subfield code="4">0</subfield>
    <subfield code="7">0</subfield>
    <subfield code="a">LIC-002</subfield>
    <subfield code="b">LIC-002</subfield>
    <subfield code="c">CONSULTA</subfield>
    <subfield code="d">2018-06-08</subfield>
    <subfield code="e">DGB-GENERADO</subfield>
    <subfield code="f">2a ed.</subfield>
    <subfield code="i">D</subfield>
    <subfield code="k">CSA</subfield>
    <subfield code="o">KKT3686 A23 2000 </subfield>
    <subfield code="p">BFD000010315</subfield>
    <subfield code="r">2018-06-08 00:00:00</subfield>
    <subfield code="t">V.82 C:1</subfield>
    <subfield code="v">1.00</subfield>
    <subfield code="y">LIB</subfield>
  </datafield>
  <datafield tag="952" ind1=" " ind2=" ">
    <subfield code="1">0</subfield>
    <subfield code="2">lcc</subfield>
    <subfield code="4">0</subfield>
    <subfield code="7">0</subfield>
    <subfield code="a">LIC-002</subfield>
    <subfield code="b">LIC-002</subfield>
    <subfield code="c">CONSULTA</subfield>
    <subfield code="d">2018-06-08</subfield>
    <subfield code="e">DGB-GENERADO</subfield>
    <subfield code="f">3a ed.</subfield>
    <subfield code="h">V.85</subfield>
    <subfield code="k">CSA</subfield>
    <subfield code="o">KKT3686 A23 2000 </subfield>
    <subfield code="p">BFD000010316</subfield>
    <subfield code="r">2018-06-08 00:00:00</subfield>
    <subfield code="t">1</subfield>
    <subfield code="v">1.00</subfield>
    <subfield code="y">LIB</subfield>
  </datafield>
  <datafield tag="952" ind1=" " ind2=" ">
    <subfield code="1">0</subfield>
    <subfield code="2">lcc</subfield>
    <subfield code="4">0</subfield>
    <subfield code="7">0</subfield>
    <subfield code="a">LIC-002</subfield>
    <subfield code="b">LIC-002</subfield>
    <subfield code="c">CONSULTA</subfield>
    <subfield code="d">2018-06-11</subfield>
    <subfield code="e">DGB-GENERADO</subfield>
    <subfield code="f">2a ed.</subfield>
    <subfield code="i">D</subfield>
    <subfield code="k">CSA</subfield>
    <subfield code="o">KKT3686 A23 2001  </subfield>
    <subfield code="p">BFD000010318</subfield>
    <subfield code="r">2018-06-11 00:00:00</subfield>
    <subfield code="t">V.98 C:1</subfield>
    <subfield code="v">1.00</subfield>
    <subfield code="y">LIB</subfield>
  </datafield>
  <datafield tag="952" ind1=" " ind2=" ">
    <subfield code="1">0</subfield>
    <subfield code="2">lcc</subfield>
    <subfield code="4">0</subfield>
    <subfield code="7">0</subfield>
    <subfield code="a">LIC-002</subfield>
    <subfield code="b">LIC-002</subfield>
    <subfield code="c">CONSULTA</subfield>
    <subfield code="d">2018-06-11</subfield>
    <subfield code="e">DGB-GENERADO</subfield>
    <subfield code="f">2a ed.</subfield>
    <subfield code="i">D</subfield>
    <subfield code="k">CSA</subfield>
    <subfield code="o">KKT3686 A23 2001 </subfield>
    <subfield code="p">BFD000010319</subfield>
    <subfield code="r">2018-06-11 00:00:00</subfield>
    <subfield code="t">V.105 C:1</subfield>
    <subfield code="v">1.00</subfield>
    <subfield code="y">LIB</subfield>
  </datafield>
  <datafield tag="952" ind1=" " ind2=" ">
    <subfield code="1">0</subfield>
    <subfield code="2">lcc</subfield>
    <subfield code="4">0</subfield>
    <subfield code="7">0</subfield>
    <subfield code="a">LIC-002</subfield>
    <subfield code="b">LIC-002</subfield>
    <subfield code="c">CONSULTA</subfield>
    <subfield code="d">2018-06-11</subfield>
    <subfield code="e">DGB-GENERADO</subfield>
    <subfield code="f">1a ed.</subfield>
    <subfield code="i">D</subfield>
    <subfield code="k">CSA</subfield>
    <subfield code="o">KKT3686 A23 2000 </subfield>
    <subfield code="p">BFD000010320</subfield>
    <subfield code="r">2018-06-11 00:00:00</subfield>
    <subfield code="t">V.123 C:1</subfield>
    <subfield code="v">1.00</subfield>
    <subfield code="y">LIB</subfield>
  </datafield>
  <datafield tag="952" ind1=" " ind2=" ">
    <subfield code="1">0</subfield>
    <subfield code="2">lcc</subfield>
    <subfield code="4">0</subfield>
    <subfield code="7">0</subfield>
    <subfield code="a">LIC-002</subfield>
    <subfield code="b">LIC-002</subfield>
    <subfield code="c">CONSULTA</subfield>
    <subfield code="d">2018-06-11</subfield>
    <subfield code="e">DGB-GENERADO</subfield>
    <subfield code="f">1a ed.</subfield>
    <subfield code="i">D</subfield>
    <subfield code="k">CSA</subfield>
    <subfield code="o">KKT3686 A23 2000 </subfield>
    <subfield code="p">BFD000010321</subfield>
    <subfield code="r">2018-06-11 00:00:00</subfield>
    <subfield code="t">V.124 C:1</subfield>
    <subfield code="v">1.00</subfield>
    <subfield code="y">LIB</subfield>
  </datafield>
  <datafield tag="952" ind1=" " ind2=" ">
    <subfield code="1">0</subfield>
    <subfield code="2">lcc</subfield>
    <subfield code="4">0</subfield>
    <subfield code="7">0</subfield>
    <subfield code="a">POS-042</subfield>
    <subfield code="b">POS-042</subfield>
    <subfield code="c">CEV</subfield>
    <subfield code="d">2021-06-22</subfield>
    <subfield code="f">1a ed.</subfield>
    <subfield code="h">V.54</subfield>
    <subfield code="i">D</subfield>
    <subfield code="k">CSA</subfield>
    <subfield code="l">0</subfield>
    <subfield code="o">KKT3686</subfield>
    <subfield code="p">BPD000001717</subfield>
    <subfield code="r">2021-06-22 00:00:00</subfield>
    <subfield code="t">1</subfield>
    <subfield code="v">1.00</subfield>
    <subfield code="y">LIB</subfield>
  </datafield>
</record>
